000 00665nam a2200193Ia 4500
008 090124s9999 xx 000 0 und d
020 _a81-87520-48-5
082 _b43076
100 _aराऊत संजय
245 _aSUNNA KARNARE DIVAS सुन्न करणारे दिवस
250 _a1
260 _bचिनार पब्लिशर्स
_c2005
300 _a168
600 _aराऊत संजय
630 _aSUNNA KARNARE DIVAS सुन्न करणारे दिवस
700 _aराऊत संजय
730 _aSUNNA KARNARE DIVAS सुन्न करणारे दिवस
942 _cBOOK
999 _c109281
_d109281